000 02500cam a22002294a 4500
005 20250605163952.0
008 250528s ||||||||||||||||||||||||d
035 _a15399
020 _a134880722
040 _aGR-AtMCL
_bgre
_dGR-AtMCL
_eAACR2
245 1 _aIntroduction to Modern Business / Issues and Environment
250 _a8th
260 _bPrentice Hall,
_c1981
300 _a642
505 0 _aPreface, Business and Its Environment, Business and Our Economic System,Business and Society, Ownership and Management and Organization, Business Ownership Forms, General Business Management, Organizational Structure and Behavior, Small Business Management and Franchising, People and Production, Human Resource Management, Labor-Management Relations, Production and Operations Management, Physical Distribution and Energy, Marketing, The Marketing Process, Product Development and Marketing Channels, Pricing and Promotion Strategy, Financing and Insuring the Enterprise, Business Finance and Investments, Credits and the Banking System, Risk Management and Insurance, Information and Decision Making, Accounting and Financial Statements, Information Management and Computers, Information and Decision Making, Government and World Business The Government's Rle in Business, International Business, Career Development in Business, Selected References, Glossary, Index.
520 _aPreface, Business and Its Environment, Business and Our Economic System,Business and Society, Ownership and Management and Organization, Business Ownership Forms, General Business Management, Organizational Structure and Behavior, Small Business Management and Franchising, People and Production, Human Resource Management, Labor-Management Relations, Production and Operations Management, Physical Distribution and Energy, Marketing, The Marketing Process, Product Development and Marketing Channels, Pricing and Promotion Strategy, Financing and Insuring the Enterprise, Business Finance and Investments, Credits and the Banking System, Risk Management and Insurance, Information and Decision Making, Accounting and Financial Statements, Information Management and Computers, Information and Decision Making, Government and World Business The Government's Rle in Business, International Business, Career Development in Business, Selected References, Glossary, Index.
700 1 _aHughes H. Eugene
_91316
700 1 _aMusselman A. Vernon
_91317
942 _cBK
999 _c983
_d983